|
|
|
|
| LEADER |
00000naa2a2200000 4500 |
| 001 |
427196 |
| 005 |
20231101074627.0 |
| 035 |
|
|
|a (RuTPU)RU\TPU\prd\86320
|
| 035 |
|
|
|a RU\TPU\prd\17126
|
| 090 |
|
|
|a 427196
|
| 100 |
|
|
|a 20100903a2003 k y0rusy50 ca
|
| 101 |
0 |
|
|a rus
|
| 102 |
|
|
|a RU
|
| 200 |
1 |
|
|a Пикнометр для прецизионного определения плотности жидкостей с повышенной упругостью собственных насыщенных паров
|f Б. Б. Алчагиров, О. В. Дулуб, Т. М. Шампаров
|
| 225 |
1 |
|
|a Лабораторная техника
|
| 320 |
|
|
|a Библиогр.: 10 назв.
|
| 461 |
|
1 |
|0 (RuTPU)RU\TPU\prd\300
|x 0032-8162
|t Приборы и техника эксперимента
|f Российская академия наук
|d 1956-
|
| 463 |
|
1 |
|0 (RuTPU)RU\TPU\prd\86298
|t № 3
|v с. 142-144
|d 2003
|
| 610 |
1 |
|
|a пиктометры
|
| 610 |
1 |
|
|a жидкости
|
| 610 |
1 |
|
|a плотность
|
| 610 |
1 |
|
|a упругость
|
| 610 |
1 |
|
|a пары
|
| 610 |
1 |
|
|a измерения
|
| 610 |
1 |
|
|a приборы
|
| 610 |
1 |
|
|a межатомные расстояния
|
| 610 |
1 |
|
|a жидкие металлы
|
| 610 |
1 |
|
|a щелочные металлы
|
| 675 |
|
|
|a 532.14
|v 3
|
| 675 |
|
|
|a 536.41
|v 3
|
| 700 |
|
1 |
|a Алчагиров
|b Б. Б.
|
| 701 |
|
1 |
|a Дулуб
|b О. В.
|
| 701 |
|
1 |
|a Шампаров
|b Т. М.
|
| 801 |
|
1 |
|a RU
|b 63413507
|c 20030909
|g PSBO
|
| 801 |
|
2 |
|a RU
|b 63413507
|c 20100906
|g PSBO
|
| 942 |
|
|
|c BK
|